| 000 | 00963cam a22002655a 4500 | ||
|---|---|---|---|
| 001 | 18641198 | ||
| 005 | 20160113161440.0 | ||
| 008 | 150603s2015 stka frb 001 0 eng d | ||
| 020 | _a9780723455585 (hardcover) | ||
| 040 |
_aYDXCP _beng _cYDXCP _dOCLCF _dDLC _dEG-ScBUE _dEG-ScBUE |
||
| 082 | 0 | 4 |
_a617.6 _bPRI _222 |
| 245 | 0 | 0 |
_aPrinciples and practice of esthetic dentistry / _cedited by Nairn H. F. Wilson ; series editor Barian J. Millar. _b |
| 260 |
_aEdinburgh : _bElsevier, _cc.2015. |
||
| 300 |
_axi, 256 p. : _bill. ; _c27 cm. |
||
| 490 | 0 |
_aEssentials of esthetic dentistry ; _vv. 1 |
|
| 500 | _aIndex : p. 249-256. | ||
| 504 | _aIncludes bibliographical references. | ||
| 650 | 0 |
_aDentistry _xAesthetic aspects. _2BUEsh _932104 |
|
| 650 | 0 |
_aEsthetics, Dental. _2BUEsh _930623 |
|
| 651 | _2BUEsh | ||
| 653 |
_bDDent _cJune2015 _cJanuary2016 |
||
| 700 | 1 |
_aWilson, Nairn H. F., _eeditor. |
|
| 700 | 1 |
_aMillar, Brian J., _eeditor. |
|
| 942 |
_2ddc _k617.6 PRI |
||
| 999 |
_c20078 _d20050 |
||